| 000 | 00874cam a2200301 i 4500 | ||
|---|---|---|---|
| 001 | 76817 | ||
| 003 | BD-RjUL | ||
| 005 | 20211209082907.0 | ||
| 008 | 200121s1977 ii abfj b 00010 eng | ||
| 035 | _a(BD-RjUL)77041 | ||
| 035 | _a1128938 | ||
| 040 |
_aANL _beng _dANL _cBD-RjUL |
||
| 041 | _aeng | ||
| 043 | _aa-ii--- | ||
| 082 | 0 | 0 |
_a915.42 _223 _bNAA 1977 |
| 100 | 1 |
_aNath, R. _9238053 |
|
| 245 | 1 | 0 |
_aAgra and its monumental glory / _cR. Nath. |
| 260 |
_aBombay : _bTaraporevala, _c1977. |
||
| 300 |
_axiii, 104 p., [17] leaves of plates : _bill., maps, geneal. table ; _c25 cm. |
||
| 504 | _aBibliography: p. [103]-104. | ||
| 650 | 0 |
_aMonuments _zIndia _zAgra (City) _9238054 |
|
| 651 | 0 |
_aAgra (India) _xDescription and travel. _9238055 |
|
| 942 |
_2ddc _cBK |
||
| 999 |
_c76817 _d76817 |
||